000 01677nam0a2200373 4500
001 RU\NLR\bibl\966568
005 20250614205813.0
010 _a5-05-006344-2
_950000
021 _aRU
_b2006-26727
_91327
035 _a(nilc)RSL-KNO-002879734
035 _a(NLR Aleph) 000954551
090 _a300886
_c300886
100 _a20060511d2006 |||y0rusy50 ca
101 1 _arus
_ceng
102 _aRU
105 _ay |||||||||
106 _ar
200 1 _aПерекрестки любви
_eроман
_fКэтти Уильямс
_gпер. с англ. [М. Карпушиной]
210 _aМосква
_cРадуга
_d2006
_eМожайск (Моск.обл.)
_gМожайский полиграфкомбинат
215 _a158, [1] с.
_d17
225 1 _aЛюбовный роман
_v1265
225 1 _aАрлекин
_dHarlequin
225 1 _aВремя, подаренное себе
610 0 _aФилологические науки. Художественная литература -- Великобритания -- Английская литература -- с 1945 г. -- Произведения художественной литературы -- Художественная проза -- Романы. Повести. Рассказы
686 _aШ5(4Вл)62-644
_2rubbk
686 _aШ6(4Вл)67-440.4{Лх1299-50}
700 1 _4070
_7ca
_8rus
_aУильямс
_bК.
_cписательница английская
_gКэтти
_9176511
_3RU\NLR\AUTH\770176562
801 0 _aRU
_bРКП
_c20060511
_grcr
801 1 _aRU
_bРГБ
_c20060511
801 2 _aRU
_bNLR
_c20060711
_grcr
942 _cBOOK
980 _aNB